000 00506nam a22001577a 4500
005 20151210093505.0
008 151210b xxu||||| |||| 00| 0 eng d
020 _a9789698544309
040 _cPK-LaUMT
082 _aMSC 394.2295491
_bAFT-G
100 _aآفتاب احمد
245 _aجنرل کے قلعے سے ملکہ کی جیل میں
_bسستا اور فوری انصاف
_cآفتاب احمد
260 _aلاہور
_bجمہوری پبلیکیشنز
_c2007
300 _a198 ص
942 _cBK
999 _c80839
_d80839